Dark Souls 3 Prologue - Statistics

General Stats
  • This quiz has been taken 415 times
  • The average score is 60 of 108
Answer Stats
Answer % Correct
the
92%
"The
92%
The
92%
of
84%
Yhorm
84%
Giant.
82%
Lothric,
82%
lord
81%
Abyss
79%
Watchers.
78%
Aldrich,
77%
In
75%
in
75%
Cinder
72%
cinder.
72%
fire
72%
and
67%
And
67%
is
67%
is.
67%
It
65%
it
65%
so
65%
Lords
64%
Yes
64%
indeed.
61%
ash
60%
Deep.
59%
be
57%
Capital,
57%
called
54%
go
54%
Undead
54%
Undead,
54%
Profaned
53%
Saint
52%
fades,
50%
to
50%
Legion,
48%
thrones."
46%
thrones,
46%
where
39%
Farron's
38%
lands
38%
their
37%
will
37%
without
34%
bell
33%
link
31%
old
31%
That
31%
When
30%
pilgrims
29%
rise.
29%
converge.
28%
abandon
26%
from
25%
reclusive
25%
embers.
24%
even
24%
seeketh
24%
tolls,
24%
unfit
23%
transitory
22%
Unkindled
21%
truth
20%
truth...
20%
graves.
19%
words.
17%
north,
15%
accursed
13%
Only,
13%
discover
12%
threatened,
12%
venturing
12%
Nameless,
8%
unearthing
6%
No matching quizzes found
Score Distribution
Percent of People with Each Score
Percentile by Number Answered
Your Score History
You have not taken this quiz